000 00583cam a2200193 4500500
005 20260329001351.0
041 _afre
042 _adc
100 1 0 _aFabre, Thierry
_eauthor
245 0 0 _aIslam et Occident. Le choc des représentations
260 _c2006.
500 _a97
690 _aCivilisations
690 _aIslam
690 _aOccident
690 _aReligion
786 0 _nPhilosophie magazine | 4 | 10-11 | 2006-11-01 | p. 17-18 | 1951-1787
856 4 1 _uhttps://shs.cairn.info/magazine-philosophie-magazine-2006-10-11-page-17?lang=fr&redirect-ssocas=7080
999 _c1804702
_d1804702